|
|
|
|
| LEADER |
00000cam a2200000 7i4500 |
| 001 |
0000014834 |
| 005 |
20080306.0 |
| 008 |
080306 |
| 020 |
|
|
|a 9676112925
|
| 090 |
0 |
0 |
|a 177.7
|b YAN
|
| 245 |
1 |
0 |
|a Yang bernama cinta memuatkan puisi"kekasih" oleh sasterawan negara Datuk Dr.Usman Awang :
|b koleksi mutiara kata dari zaman ke zaman
|c kompilasi Bung Karim; sketsa Radzi Hanif
|
| 260 |
|
|
|a Kuala Lumpur :
|b Utusan Publications&Distributors ,
|c 2002
|
| 650 |
|
0 |
|a Love
|x Quotations,maxims,etc
|
| 700 |
0 |
|
|a Bung Karim
|
| 700 |
0 |
|
|a Radzi Hanif
|
| 999 |
|
|
|a 0001016168
|b Book
|c Adult Collection
|e Perbadanan Perpustakaan Awam Johor
|
| 999 |
|
|
|a 0001016169
|b Book
|c Adult Collection
|e Perbadanan Perpustakaan Awam Johor
|